Vinárstvo

Saved in:
Bibliographic Details
Main Author: Sádovská, Kristína (Author)
Other Authors: Jamnický, Martin (Thesis advisor)
Format: Manuscript Book
Language:Slovak
Published: 2025
Subjects:
Online Access:http://is.stuba.sk/zp/portal_zp.pl?podrobnosti=181790
CRZP
Tags: Add Tag
No Tags, Be the first to tag this record!

MARC

LEADER 00000ntm a22000003a 4500
001 stuzp105090
003 SK-STU
005 20250731151150.6
007 ta
008 150427s2015----xo-----f-mn---000-0-slo-d
040 |a STU  |b slo 
041 0 |a slo 
100 1 |a Sádovská, Kristína  |u 010180  |4 aut  |U SvF Stavebná fakulta  |T SvF Katedra konštrukcií pozemných stavieb  |X 104400  |U V180  |Y 18  |7 104400 
242 0 1 |a Winery  |y eng 
245 1 0 |a Vinárstvo 
260 |c 2025 
650 4 |a processing  |2 eng 
650 4 |a tasting  |2 eng 
650 4 |a winery  |2 eng 
650 4 |a Pezinok  |2 eng 
650 4 |a spracovanie  |2 slo 
650 4 |a degustácia  |2 slo 
650 4 |a vinárstvo  |2 slo 
650 4 |a Pezinok  |2 slo 
700 1 |a Jamnický, Martin  |u 010180  |k Z1  |4 ths  |U SvF Stavebná fakulta  |T SvF Katedra konštrukcií pozemných stavieb  |X 4052  |U V180  |Y 18  |7 A000004052 
856 4 |u http://is.stuba.sk/zp/portal_zp.pl?podrobnosti=181790 
856 4 |u https://opac.crzp.sk/?fn=detailBiblioForm&sid=809C367C54749DCAA143AAFF7E5A  |z CRZP